000 00342nam a2200169Ia 4500
100 _aLacovella/Stefano
650 _aGeoserver
942 _cBK
366 _f20
654 _ageoserver
245 _aGeoserver:Begineers Guide
260 _bSPD
_c2013
082 _a5.13
300 _a326
546 _aENGLISH
_cComputers
999 _c22484
_d22484